000 00508nam a2200193Ia 4500
005 20250522104547.0
008 008 250516s9999 xx 000 0 eng d
020 _a9781529088861
040 _aSDCL
_beng
_cSDCL
041 _aeng
_2eng
084 _aO-,3N67:g(S:5), R2 LR
_qSDCL
100 _aIturbe, Antonio
_9754389
245 4 _aThe Librarian of Auschwitz
260 _aPlaneta:
_bPan Macmillan India,
_c2022.
300 _a120p.
365 _aINR
_b799
650 _aReference
942 _cTEXL
999 _c1430759
_d1430759